Eazy-E - Statystyki

Ogólne statystyki
  • Ten quiz został rozwiązany 16 razy
  • Średni wynik to 11 z 16
Statystyki odpowiedzi
Pytanie Odpowiedź % Poprawnych
Dzielnica miasta z którego pochodzi w której się wychował i o której rapował Compton
100%
Prawdziwe Imie Eazy'ego Eric
100%
Grupa muzyczna w której był Eazy N.W.A.
100%
Rok śmierci Eazy-E 1995
83%
Pierwszy Album Eazy'ego (1988 r.) Eazy-Duz-It
83%
Raper który nagrał disstrack na Eazy'ego i jego grupę (No Vaseline) Ice Cube
83%
Miasto z którego pochodzi Los Angeles
83%
Dokończ tekst Eazy'ego: "But Dre day only meant Eazy's..." (jedno słowo) payday
83%
Wytwórnia Eazy'ego Ruthless
83%
Powód śmierci AIDS
67%
Album Eazy'ego który zawiera kilka disstracków na Dr. Dre It's On
67%
Z Którego roku była Impala Eazy'ego 1964
50%
Ile Solowych albumów za życia wydał Eazy-E 2
50%
Pierwsza piosenka rapera Boyz-N-The-hood
50%
Świąteczna piosenka Eazy'ego Merry Muthafuckin' Xmas
17%
Najpopularniejsza piosenka Eazy'ego Real Muthapuckkin' G's
17%
Nie znaleziono quizów pasujących do podanych kryteriów
Rozkład punktacji
Procent ludzi z każdym wynikiem
Percentyl według liczby udzielonych odpowiedzi
Twoja historia wyników
Nie rozwiązałeś tego quizu